| 000 | 00372nam a22001457a 4500 | ||
|---|---|---|---|
| 003 | OSt | ||
| 008 | 241101b |||||||| |||| 00| 0 eng d | ||
| 020 | _a9788120346093 | ||
| 082 |
_a621.47 _bSAW/NO |
||
| 100 |
_aSawhney, G.S _96402 |
||
| 245 | _aNon-Conventional energy resources | ||
| 260 |
_aNew Delhi _bPHI Learning private limited _c2012 |
||
| 300 | _a272p | ||
| 942 | _cBK | ||
| 999 |
_c14049 _d14049 |
||